Statistics for Država bivše Jugoslavije

Click here to take the quiz!

General Stats

  • This quiz has been taken 1 203 times
    (1 200 since last reset)
  • The average score is 6 of 7

Answer Stats

Zemlje% Correct
Hrvatska
98%
Srbija
98%
Slovenija
94%
Bosna i
Hercegovina
92%
Crna Gora
92%
Kosovo
77%
Sjeverna
Makedonija
52%

Score Distribution

Percentile by Number Answered

Percent of People with Each Score

Your Score History

You have not taken this quiz since the last reset